Voyage sentimental (Record no. 165773)

MARC details
000 -LEADER
campo de control de longitud fija 01042nam a2200241 i 4500
001 - NÚMERO DE CONTROL
campo de control 165773
003 - IDENTIFICADOR DE NÚMERO DE CONTROL
campo de control ES-MaACL
005 - FECHA Y HORA DE LA ÚLTIMA TRANSACCIÓN
campo de control 20250717042653.0
008 - DATOS DE LONGITUD FIJA--INFORMACIÓN GENERAL
campo de control de longitud fija 050906s1886 fr | |||||||| ||fre d
040 ## - FUENTE DE CATALOGACIÓN
Centro catalogador/agencia de origen CAM
Lengua de catalogación spa
Centro/agencia transcriptor CAM
100 1# - ENTRADA PRINCIPAL--NOMBRE DE PERSONA
Nombre de persona Sterne, Laurence.
9 (RLIN) 108138
245 10 - MENCIÓN DEL TÍTULO
Título Voyage sentimental
Resto del título : ; suivi des Amours de mon Oncle Tobie; du Voyage de Tristam Shandy en France; de l'Histoire de l'Abbesse des Andouillettes /
Mención de responsabilidad, etc. L. Sterne.
250 ## - MENCION DE EDICION
Mención de edición Nouvelle éd. précédée d'une notice sur l'auteur.
260 ## - PUBLICACIÓN, DISTRIBUCIÓN, ETC.
Lugar de publicación, distribución, etc. Paris :
Nombre del editor, distribuidor, etc. E. Dentu éditeur,
Fecha de publicación, distribución, etc. 1886 (
Fabricante Imp. de la Sec. de Typ.-Noizette)
300 ## - DESCRIPCIÓN FÍSICA
Extensión IV, 302 p. ;
Dimensiones 17 cm.
490 1# - MENCIÓN DE SERIE
Mención de serie Bibliothèque choisie des chefs-d'oeuvre français et étrangers
740 0# - ENTRADA AGREGADA--TÍTULO RELACIONADO/ANALÍTICO NO CONTROLADO
Título relacionado o analítico no controlado Amours de mon Oncle Tobie.
740 0# - ENTRADA AGREGADA--TÍTULO RELACIONADO/ANALÍTICO NO CONTROLADO
Título relacionado o analítico no controlado Voyage de Tristram Shandy en France.
740 0# - ENTRADA AGREGADA--TÍTULO RELACIONADO/ANALÍTICO NO CONTROLADO
Título relacionado o analítico no controlado Histoire de l'Abbesse des Andouillettes.
830 00 - PUNTO DE ACCESO ADICIONAL DE SERIE-TÍTULO UNIFORME
Título uniforme Bibliothèque choisie des chefs-d'oeuvre français et étrangers
9 (RLIN) 221569
852 ## - LOCALIZACIÓN
Ubicación ES-MaACL
Número de control de estantería G-10135
Nota libre -- Enc. pasta española
Holdings
Estatus retirado Estado de pérdida Estado de daño No para préstamo Colección Biblioteca de origen Biblioteca actual Ubicación en estantería Fecha de adquisición Fuente de adquisición Total de préstamos Signatura topográfica completa Código de barras Visto por última vez Precio de reemplazo Tipo de ítem Koha
        Libros del s. XIX Biblioteca del Ateneo de Madrid Biblioteca del Ateneo de Madrid Sala Pecera Planta 3 17/01/2008     G-10135 1173851 23/02/2023 23/02/2023 Libro impreso antiguo